[Event "DVM U12 2020"]
[Site "Magdeburg GER"]
[Date "2021.08.05"]
[Round "2"]
[White "Feuerer, Dominik"]
[Black "Drechsler, Andor"]
[Result "0-1"]
[Termination "normal"]
[Board "7.2"]
[WhiteElo "926"]
[BlackElo "1256"]
[WhiteClock "00:45:19"]
[BlackClock "00:15:53"]
[WhiteTeam "SV Vimbuch"]
[BlackTeam "SAV Torgelow-Drögeheide 90"]
[PlyCount "120"]
[WhiteFideId "34608311"]
[BlackFideId "16266900"]
[EventCountry "GER"]
[EventRounds "7"]
[EventType "team-swiss"]
[EventDate "2021.08.04"]

1. e4 {[%clk 01:30:58]} {[%emt 00:14:19]} c5 {[%clk 01:30:49]} 2. Nf3 {[%clk
01:31:15]} Nc6 {[%clk 01:31:10]} 3. Bc4 {[%clk 01:31:03]} e6 {[%clk 01:30:15]}
4. d3 {[%clk 01:31:00]} {[%emt 00:00:04]} d5 {[%clk 01:30:22]} 5. exd5 exd5 6.
Bb5 {[%clk 01:30:52]} Qa5+ {[%clk 01:29:37]} 7. Nc3 {[%clk 01:31:07]} d4 {[%clk
01:29:42]} {[%emt 00:00:05]} 8. Qe2+ {[%clk 01:28:55]} Be7 {[%clk 01:29:46]} 9.
Bxc6+ {[%clk 01:28:56]} bxc6 {[%clk 01:30:07]} 10. b4 {[%clk 01:28:43]} Qxb4
{[%clk 01:29:05]} {[%emt 00:00:09]} 11. O-O {[%clk 01:27:43]} dxc3 {[%clk
01:27:39]} {[%emt 00:01:08]} 12. Bg5 {[%clk 01:27:43]} {[%emt 00:00:25]} f6
{[%emt 00:05:40]} 13. Bh4 {[%clk 01:27:55]} Bg4 {[%clk 01:22:36]} {[%emt
00:00:42]} 14. Bg3 {[%clk 01:27:50]} {[%emt 00:00:32]} Rd8 {[%clk 01:21:31]}
{[%emt 00:01:44]} 15. Rfe1 {[%clk 01:27:11]} {[%emt 00:01:29]} c4 {[%clk
01:20:05]} {[%emt 00:01:24]} 16. Qe4 {[%clk 01:24:31]} {[%emt 00:09:19]} Bxf3
{[%clk 01:19:01]} 17. Qxf3 {[%clk 01:24:50]} Qc5 {[%clk 01:17:45]} 18. Rab1
{[%clk 01:21:29]} {[%emt 00:06:58]} cxd3 {[%clk 01:13:34]} 19. cxd3 {[%clk
01:21:38]} c2 {[%clk 01:12:43]} {[%emt 00:00:38]} 20. Rbc1 {[%clk 01:21:46]}
{[%emt 00:15:36]} Qc3 {[%clk 01:10:51]} 21. Re3 {[%clk 01:18:26]} Qd2 {[%clk
01:07:24]} 22. Qxc6+ {[%clk 01:17:51]} Kf8 {[%clk 01:07:33]} 23. Qxc2 {[%clk
01:18:00]} {[%emt 00:00:04]} Qxc2 {[%clk 01:06:20]} 24. Rxc2 {[%clk 01:18:21]}
Nh6 {[%clk 01:04:22]} {[%emt 00:02:42]} 25. Bc7 {[%clk 01:09:53]} {[%emt
00:07:14]} Rc8 {[%clk 01:00:48]} {[%emt 00:04:14]} 26. d4 {[%clk 01:09:54]}
{[%emt 00:00:18]} Nf5 {[%clk 00:56:34]} {[%emt 00:04:45]} 27. Rd3 {[%clk
01:07:48]} {[%emt 00:02:38]} Bd8 {[%clk 00:51:15]} {[%emt 00:18:24]} 28. Rdc3
{[%clk 01:06:46]} Kf7 {[%clk 00:47:56]} 29. Bxd8 {[%clk 01:05:08]} Rcxd8 {[%clk
00:47:36]} 30. Rc7+ {[%clk 01:05:00]} Kg6 {[%clk 00:47:48]} {[%emt 00:00:05]}
31. g4 {[%clk 01:03:46]} Nxd4 {[%clk 00:46:53]} 32. R2c4 {[%clk 01:01:36]}
{[%emt 00:00:49]} Nb5 {[%clk 00:46:55]} {[%emt 00:03:01]} 33. R7c5 {[%clk
01:01:16]} Rd4 {[%clk 00:44:56]} {[%emt 00:07:09]} 34. Rc1 {[%clk 00:59:36]}
Rxg4+ {[%clk 00:44:02]} 35. Kf1 {[%clk 00:59:27]} Nd6 {[%clk 00:42:27]} {[%emt
00:04:45]} 36. Rc7 {[%clk 00:58:17]} Ra4 {[%clk 00:41:23]} 37. Ra1 {[%clk
00:57:07]} {[%emt 00:11:37]} Rb8 {[%clk 00:39:15]} 38. Rd7 {[%clk 00:54:48]}
Nf5 {[%clk 00:38:25]} {[%emt 00:02:14]} 39. Ke2 {[%clk 00:53:38]} Nd4+ {[%clk
00:36:34]} 40. Kd3 {[%clk 00:53:17]} Nb3 {[%clk 00:35:53]} {[%emt 00:00:36]}
41. Rg1+ {[%clk 00:53:33]} {[%emt 00:00:12]} Kh6 {[%clk 00:35:14]} {[%emt
00:01:10]} 42. axb3 {[%clk 00:53:01]} {[%emt 00:01:06]} Rxb3+ {[%clk 00:35:30]}
{[%emt 00:00:12]} 43. Kc2 {[%clk 00:53:24]} {[%emt 00:00:06]} Rf3 {[%clk
00:35:32]} {[%emt 00:00:14]} 44. Rg2 {[%clk 00:48:32]} {[%emt 00:05:36]} Ra2+
{[%clk 00:34:51]} {[%emt 00:01:10]} 45. Kb1 {[%clk 00:48:47]} {[%emt 00:00:16]}
Raxf2 {[%clk 00:33:18]} {[%emt 00:02:08]} 46. Rdxg7 {[%clk 00:48:02]} {[%emt
00:01:09]} Rxg2 {[%clk 00:31:53]} {[%emt 00:01:55]} 47. Rxg2 {[%clk 00:48:20]}
{[%emt 00:00:13]} f5 {[%clk 00:28:40]} {[%emt 00:03:42]} 48. Kc2 {[%clk
00:48:32]} {[%emt 00:00:20]} a5 {[%clk 00:28:04]} {[%emt 00:01:04]} 49. Kd2
{[%clk 00:48:36]} {[%emt 00:00:27]} a4 {[%clk 00:27:25]} {[%emt 00:06:11]} 50.
Ke2 {[%clk 00:48:51]} Rf4 {[%clk 00:26:37]} 51. Ke3 {[%clk 00:48:54]} {[%emt
00:01:50]} Rg4 {[%clk 00:25:34]} 52. Rf2 {[%clk 00:48:12]} Kg5 {[%clk
00:23:16]} {[%emt 00:00:42]} 53. Ra2 {[%clk 00:47:05]} {[%emt 00:01:36]} Kh4
{[%clk 00:19:33]} {[%emt 00:05:56]} 54. Kf3 {[%clk 00:46:54]} Kh3 {[%clk
00:19:07]} 55. Rb2 {[%clk 00:46:04]} {[%emt 00:01:14]} Rg1 {[%clk 00:16:07]}
{[%emt 00:03:30]} 56. Rb7 {[%clk 00:45:21]} {[%emt 00:01:12]} h5 {[%clk
00:15:02]} {[%emt 00:01:35]} 57. Rb5 {[%clk 00:44:59]} {[%emt 00:00:53]} a3
{[%clk 00:14:48]} {[%emt 00:00:45]} 58. Rxf5 {[%clk 00:45:14]} {[%emt
00:00:14]} Rf1+ {[%clk 00:15:04]} {[%emt 00:00:14]} 59. Ke4 {[%clk 00:45:14]}
{[%emt 00:00:29]} Rxf5 {[%clk 00:15:29]} {[%emt 00:00:06]} 60. Kxf5 {[%clk
00:45:19]} {[%emt 00:00:25]} a2 {[%clk 00:15:53]} {[%emt 00:00:09]} 0-1

[Event "DVM U12 2020"]
[Site "Magdeburg GER"]
[Date "2021.08.05"]
[Round "2"]
[White "Briese, Paul"]
[Black "Dammasch, Marlon"]
[Result "1/2-1/2"]
[Termination "normal"]
[Board "7.3"]
[WhiteElo "1113"]
[BlackElo "860"]
[WhiteClock "00:53:55"]
[BlackClock "01:29:22"]
[WhiteTeam "SAV Torgelow-Drögeheide 90"]
[BlackTeam "SV Vimbuch"]
[PlyCount "94"]
[WhiteFideId "16273826"]
[BlackFideId "34608346"]
[EventCountry "GER"]
[EventRounds "7"]
[EventType "team-swiss"]
[EventDate "2021.08.04"]

1. c4 {[%clk 01:30:58]} c5 {[%clk 01:30:52]} {[%emt 00:00:18]} 2. Nc3 {[%clk
01:31:19]} e5 {[%clk 01:31:14]} {[%emt 00:02:48]} 3. g3 {[%clk 01:31:23]} Nc6
{[%clk 01:31:37]} 4. Bg2 {[%clk 01:31:25]} Nf6 {[%clk 01:31:58]} 5. Nf3 {[%clk
01:31:24]} d5 {[%clk 01:32:12]} 6. cxd5 {[%clk 01:30:01]} {[%emt 00:01:05]}
Nxd5 {[%clk 01:32:33]} {[%emt 00:00:09]} 7. O-O {[%clk 01:29:26]} {[%emt
00:01:09]} Nxc3 {[%clk 01:32:53]} {[%emt 00:00:06]} 8. dxc3 {[%clk 01:28:56]}
{[%emt 00:12:39]} Bd6 {[%clk 01:32:53]} 9. Qd3 {[%clk 01:26:35]} Bg4 {[%clk
01:32:13]} 10. Rd1 {[%clk 01:22:58]} Be7 {[%clk 01:31:14]} {[%emt 00:00:05]}
11. Qxd8+ {[%clk 01:22:34]} Rxd8 {[%clk 01:31:29]} 12. Rxd8+ Bxd8 {[%clk
01:31:40]} {[%emt 00:00:04]} 13. Be3 {[%clk 01:21:12]} {[%emt 00:02:05]} Be7
{[%clk 01:30:58]} {[%emt 00:11:48]} 14. Rd1 {[%clk 01:18:53]} O-O {[%clk
01:30:55]} 15. Rd5 {[%clk 01:16:56]} b6 {[%clk 01:31:02]} 16. Nxe5 {[%clk
01:16:24]} {[%emt 00:00:04]} Nxe5 {[%clk 01:31:14]} 17. Rxe5 {[%clk 01:16:45]}
Bf6 {[%clk 01:31:31]} 18. Re4 {[%clk 01:14:12]} {[%emt 00:00:18]} Bxe2 {[%clk
01:31:41]} {[%emt 00:00:20]} 19. Bxc5 {[%clk 01:14:05]} {[%emt 00:00:37]} bxc5
{[%clk 01:31:15]} {[%emt 00:00:59]} 20. Rxe2 {[%clk 01:14:21]} {[%emt
00:00:10]} Rd8 {[%clk 01:31:35]} {[%emt 00:00:14]} 21. f4 {[%clk 01:12:53]}
{[%emt 00:04:07]} h6 {[%clk 01:31:42]} 22. Be4 {[%clk 01:11:03]} {[%emt
00:04:37]} g5 {[%clk 01:31:24]} 23. fxg5 {[%clk 01:08:25]} {[%emt 00:00:09]}
Bxg5 {[%clk 01:31:28]} {[%emt 00:00:07]} 24. h4 {[%clk 01:07:27]} {[%emt
00:03:03]} Bf6 {[%clk 01:29:32]} {[%emt 00:00:49]} 25. Rf2 {[%clk 01:06:31]}
{[%emt 00:01:28]} Kg7 {[%clk 01:29:41]} {[%emt 00:07:07]} 26. Kg2 {[%clk
01:03:59]} Re8 {[%clk 01:29:15]} 27. Bf5 {[%clk 01:01:48]} {[%emt 00:00:04]}
Re3 {[%clk 01:28:16]} {[%emt 00:01:37]} 28. Bg4 {[%clk 01:00:32]} {[%emt
00:01:26]} Be5 {[%clk 01:28:10]} {[%emt 00:00:37]} 29. Bf3 {[%clk 01:00:00]}
{[%emt 00:02:28]} f5 {[%clk 01:28:00]} 30. Re2 {[%clk 00:59:58]} Rxe2+ {[%clk
01:27:38]} {[%emt 00:00:41]} 31. Bxe2 {[%clk 01:00:21]} {[%emt 00:00:06]} Kg6
{[%clk 01:27:46]} {[%emt 00:00:20]} 32. Bd3 {[%clk 00:59:49]} {[%emt 00:01:10]}
Kf6 {[%clk 01:27:44]} {[%emt 00:00:31]} 33. Kf3 {[%clk 00:59:48]} {[%emt
00:00:45]} h5 {[%clk 01:27:57]} {[%emt 00:00:04]} 34. Bb5 {[%clk 00:59:23]}
{[%emt 00:00:47]} Kf7 {[%clk 01:27:33]} {[%emt 00:00:54]} 35. b4 {[%clk
00:57:23]} {[%emt 00:08:28]} cxb4 {[%clk 01:27:42]} 36. cxb4 {[%clk 00:57:45]}
Bc3 {[%clk 01:28:01]} 37. Kf4 {[%clk 00:57:30]} Bxb4 {[%clk 01:27:46]} 38. Kxf5
{[%clk 00:57:47]} {[%emt 00:00:08]} Be1 {[%clk 01:27:59]} 39. g4 {[%clk
00:56:16]} hxg4 {[%clk 01:27:36]} 40. Kxg4 {[%clk 00:56:39]} Kg7 {[%clk
01:27:56]} 41. h5 {[%clk 00:54:56]} {[%emt 00:01:57]} Bd2 {[%clk 01:28:19]}
{[%emt 00:00:07]} 42. Kf5 {[%clk 00:55:12]} {[%emt 00:00:18]} Kh6 {[%clk
01:28:17]} {[%emt 00:00:32]} 43. Be2 {[%clk 00:55:26]} {[%emt 00:00:12]} a5
{[%clk 01:28:17]} {[%emt 00:00:35]} 44. Ke4 {[%clk 00:53:45]} {[%emt 00:02:10]}
Be1 {[%clk 01:28:28]} {[%emt 00:00:19]} 45. Kd3 {[%clk 00:53:41]} {[%emt
00:00:33]} Bb4 {[%clk 01:28:48]} {[%emt 00:00:11]} 46. Kc4 {[%clk 00:53:39]}
{[%emt 00:07:48]} Be1 {[%clk 01:29:10]} 47. a4 {[%clk 00:53:55]} Bb4 {[%clk
01:29:22]} 1/2-1/2

[Event "DVM U12 2020"]
[Site "Magdeburg GER"]
[Date "2021.08.05"]
[Round "2"]
[White "Puchas, Tobias"]
[Black "Wandelt, Moritz"]
[Result "1-0"]
[Termination "normal"]
[Board "7.4"]
[WhiteElo "1011"]
[BlackElo "1029"]
[WhiteClock "01:19:42"]
[BlackClock "01:09:32"]
[WhiteTeam "SV Vimbuch"]
[BlackTeam "SAV Torgelow-Drögeheide 90"]
[PlyCount "45"]
[WhiteFideId "16280440"]
[BlackFideId "34605070"]
[EventCountry "GER"]
[EventRounds "7"]
[EventType "team-swiss"]
[EventDate "2021.08.04"]

1. e4 {[%clk 01:30:54]} c5 {[%clk 01:30:53]} 2. d4 {[%clk 01:31:01]} {[%emt
00:00:17]} cxd4 {[%clk 01:30:53]} {[%emt 00:00:27]} 3. Nf3 {[%clk 01:31:18]}
{[%emt 00:00:54]} e6 {[%clk 01:30:45]} 4. Nxd4 {[%clk 01:31:07]} {[%emt
00:00:47]} a6 {[%clk 01:30:07]} {[%emt 00:00:58]} 5. Nc3 {[%clk 01:30:41]}
{[%emt 00:00:51]} Qc7 {[%clk 01:30:28]} {[%emt 00:00:22]} 6. Bd3 {[%clk
01:29:45]} {[%emt 00:01:09]} Nf6 {[%clk 01:30:35]} {[%emt 00:00:33]} 7. Bg5
{[%clk 01:29:21]} {[%emt 00:01:06]} Bb4 {[%clk 01:30:11]} {[%emt 00:00:58]} 8.
O-O {[%clk 01:28:50]} {[%emt 00:00:50]} Bxc3 {[%clk 01:15:47]} {[%emt
00:15:23]} 9. bxc3 {[%clk 01:28:38]} Qxc3 {[%clk 01:16:07]} {[%emt 00:01:11]}
10. Bxf6 {[%clk 01:28:17]} gxf6 {[%emt 00:00:27]} 11. Nf3 {[%clk 01:26:31]}
{[%emt 00:02:23]} b5 {[%clk 01:16:06]} {[%emt 00:00:42]} 12. Rb1 {[%clk
01:24:36]} {[%emt 00:02:05]} Bb7 {[%clk 01:15:33]} {[%emt 00:02:53]} 13. Rb3
{[%clk 01:24:39]} Qc7 14. Qe2 {[%clk 01:24:13]} {[%emt 00:02:09]} Rg8 {[%clk
01:14:29]} 15. Rfb1 {[%clk 01:24:11]} f5 {[%clk 01:12:21]} {[%emt 00:02:54]}
16. exf5 {[%clk 01:23:43]} {[%emt 00:00:35]} Bxf3 {[%clk 01:12:42]} {[%emt
00:02:22]} 17. Qxf3 {[%clk 01:23:55]} Nc6 {[%clk 01:12:23]} 18. fxe6 {[%clk
01:23:44]} dxe6 {[%clk 01:11:06]} {[%emt 00:01:54]} 19. Rc3 {[%clk 01:20:49]}
{[%emt 00:01:17]} Ne5 {[%clk 01:11:04]} {[%emt 00:02:20]} 20. Qxa8+ {[%clk
01:20:54]} {[%emt 00:00:27]} Qd8 {[%clk 01:09:32]} {[%emt 00:02:39]} 21. Rc8
Qxc8 {[%emt 00:00:05]} 22. Qxc8+ {[%emt 00:00:11]} Ke7 {[%emt 00:00:08]} 23.
Qxg8 {[%clk 01:19:42]} {[%emt 00:03:57]} 1-0

[Event "DVM U12 2020"]
[Site "Magdeburg GER"]
[Date "2021.08.05"]
[Round "2"]
[White "Schreiber, Benedikt"]
[Black "Sinka, Silas"]
[Result "1/2-1/2"]
[Termination "normal"]
[Board "8.1"]
[WhiteElo "1248"]
[BlackElo "1344"]
[WhiteClock "01:05:25"]
[BlackClock "00:31:18"]
[WhiteTeam "Tischtennisclub Grün-Weiß Fritzdorf 1958 e. V."]
[BlackTeam "SV Hellas Nauen e.V."]
[PlyCount "91"]
[WhiteFideId "16258533"]
[BlackFideId "16265823"]
[EventCountry "GER"]
[EventRounds "7"]
[EventType "team-swiss"]
[EventDate "2021.08.04"]

1. e4 {[%clk 01:30:54]} e6 {[%clk 01:30:57]} {[%emt 00:00:04]} 2. d4 {[%clk
01:31:16]} {[%emt 00:00:05]} d5 {[%clk 01:31:23]} {[%emt 00:00:22]} 3. exd5
{[%clk 01:31:34]} exd5 {[%clk 01:31:48]} 4. Nf3 {[%clk 01:31:14]} {[%emt
00:01:09]} Nc6 {[%clk 01:32:14]} 5. Bb5 {[%clk 01:31:32]} Bd7 {[%clk 01:32:09]}
{[%emt 00:00:48]} 6. O-O {[%clk 01:31:44]} Bd6 {[%clk 01:30:45]} {[%emt
00:03:40]} 7. Bg5 {[%clk 01:31:41]} f6 {[%clk 01:31:08]} 8. Bd2 {[%clk
01:31:26]} a6 {[%clk 01:31:26]} 9. Ba4 {[%clk 01:31:35]} {[%emt 00:07:17]} Nge7
{[%clk 01:29:02]} 10. Nc3 {[%clk 01:31:24]} Qc8 {[%clk 01:29:14]} 11. Re1
{[%clk 01:31:11]} Be6 {[%clk 01:27:29]} 12. Qe2 {[%clk 01:29:56]} {[%emt
00:13:01]} Bf7 {[%clk 01:27:20]} 13. Bb3 {[%clk 01:29:34]} O-O {[%clk
01:20:04]} 14. Be3 {[%clk 01:27:58]} Re8 {[%clk 01:17:40]} {[%emt 00:04:04]}
15. Nh4 {[%clk 01:27:05]} Na5 {[%clk 01:03:52]} {[%emt 00:20:20]} 16. Qf3
{[%clk 01:26:03]} c6 {[%clk 01:01:37]} 17. Bf4 {[%clk 01:24:53]} Bxf4 {[%clk
01:00:45]} {[%emt 00:06:19]} 18. Qxf4 {[%clk 01:25:08]} b5 {[%clk 01:00:45]}
19. a3 {[%clk 01:21:33]} Nb7 {[%clk 01:00:53]} {[%emt 00:00:18]} 20. Re3 {[%clk
01:21:17]} {[%emt 00:05:46]} Nd8 {[%clk 00:59:17]} 21. Rae1 {[%clk 01:19:00]}
Ne6 {[%clk 00:59:07]} {[%emt 00:02:06]} 22. Qg4 {[%clk 01:18:24]} Qd7 {[%clk
00:49:18]} {[%emt 00:17:24]} 23. Ne2 {[%clk 01:16:19]} Qd8 {[%clk 00:44:52]}
24. c3 {[%clk 01:15:51]} {[%emt 00:01:36]} Nf8 {[%clk 00:41:06]} {[%emt
00:03:41]} 25. Nf4 {[%clk 01:15:22]} {[%emt 00:04:23]} Nfg6 {[%clk 00:38:19]}
26. Nfxg6 {[%emt 00:02:57]} Nxg6 27. Nxg6 {[%clk 01:12:40]} Bxg6 {[%clk
00:38:39]} {[%emt 00:02:07]} 28. Rxe8+ {[%clk 01:11:51]} Bxe8 {[%clk 00:39:07]}
29. Qe6+ {[%clk 01:11:59]} Kh8 {[%clk 00:39:30]} 30. a4 {[%clk 01:11:55]}
{[%emt 00:02:50]} Qd7 {[%clk 00:37:42]} 31. Qxd7 {[%clk 01:11:20]} {[%emt
00:01:55]} Bxd7 {[%clk 00:38:11]} 32. h3 {[%clk 01:11:14]} Re8 {[%clk
00:38:30]} 33. Kf1 {[%clk 01:11:20]} {[%emt 00:01:04]} Kg8 {[%clk 00:38:50]}
34. Rxe8+ {[%clk 01:11:23]} Bxe8 {[%clk 00:39:19]} 35. Ke2 {[%emt 00:00:07]}
Kf7 {[%emt 00:00:39]} 36. axb5 {[%clk 01:11:07]} axb5 {[%clk 00:39:37]} {[%emt
00:00:07]} 37. Bc2 {[%clk 01:10:59]} {[%emt 00:05:57]} Ke6 {[%clk 00:40:04]}
38. Bxh7 {[%clk 01:10:30]} g6 {[%clk 00:40:15]} 39. h4 {[%clk 01:09:55]} f5
{[%clk 00:38:58]} 40. Bg8+ {[%clk 01:08:51]} Kf6 {[%clk 00:39:16]} {[%emt
00:02:24]} 41. Kf3 {[%clk 01:08:58]} Bd7 {[%clk 00:39:27]} 42. Kf4 {[%clk
01:08:27]} Bc8 {[%clk 00:39:19]} {[%emt 00:28:40]} 43. b4 {[%clk 01:07:53]} Bd7
{[%clk 00:39:45]} 44. f3 Bc8 45. Bh7 {[%clk 01:05:25]} Bd7 {[%clk 00:31:18]}
46. g3 1/2-1/2

[Event "DVM U12 2020"]
[Site "Magdeburg GER"]
[Date "2021.08.05"]
[Round "2"]
[White "Mende, Lukas"]
[Black "Pauser, Kilian"]
[Result "1-0"]
[Termination "normal"]
[Board "8.3"]
[WhiteElo "1044"]
[BlackElo "1020"]
[WhiteClock "01:27:15"]
[BlackClock "00:36:21"]
[WhiteTeam "Tischtennisclub Grün-Weiß Fritzdorf 1958 e. V."]
[BlackTeam "SV Hellas Nauen e.V."]
[PlyCount "45"]
[WhiteFideId "34608257"]
[BlackFideId "16287584"]
[EventCountry "GER"]
[EventRounds "7"]
[EventType "team-swiss"]
[EventDate "2021.08.04"]

1. e4 {[%clk 01:30:58]} {[%emt 00:00:32]} e5 {[%clk 01:30:52]} 2. Nf3 {[%clk
01:31:23]} Nc6 {[%clk 01:31:13]} 3. d4 {[%clk 01:31:42]} exd4 {[%clk 01:31:10]}
{[%emt 00:15:57]} 4. Nxd4 {[%clk 01:32:02]} Bc5 {[%clk 01:30:45]} 5. Be3 {[%clk
01:32:01]} Nf6 {[%clk 01:30:40]} {[%emt 00:00:05]} 6. Nxc6 {[%clk 01:32:11]}
bxc6 {[%clk 01:30:00]} 7. Bxc5 {[%clk 01:32:17]} Nxe4 {[%clk 01:29:00]} {[%emt
00:00:04]} 8. Qe2 {[%clk 01:32:18]} d5 {[%clk 01:29:07]} 9. f3 {[%clk
01:32:36]} Bf5 {[%clk 01:21:49]} {[%emt 00:00:04]} 10. fxe4 {[%clk 01:32:49]}
Bxe4 11. Nc3 Qd7 {[%clk 01:18:46]} {[%emt 00:19:34]} 12. Nxe4 {[%clk 01:33:01]}
Kd8 {[%clk 01:14:05]} 13. O-O-O {[%clk 01:32:58]} {[%emt 00:00:04]} Re8 {[%clk
01:12:47]} 14. Qh5 {[%clk 01:30:40]} Rxe4 {[%clk 01:11:07]} 15. Bd3 {[%clk
01:30:27]} Re8 {[%emt 00:00:05]} 16. Qg5+ f6 17. Qf5 Qf7 {[%clk 01:05:58]}
{[%emt 00:40:46]} 18. Qxh7 {[%clk 01:30:37]} Qe6 {[%clk 00:57:28]} 19. Qxg7
{[%clk 01:29:55]} Qe5 {[%clk 00:52:16]} 20. Bg6 {[%clk 01:28:07]} Qg5+ {[%clk
00:48:09]} 21. Kb1 {[%clk 01:27:15]} Rc8 {[%clk 00:43:28]} 22. Rhe1 {[%clk
01:27:12]} f5 {[%clk 00:36:21]} {[%emt 00:00:28]} 23. Rxe8# {[%clk 01:27:15]}
1-0

[Event "DVM U12 2020"]
[Site "Magdeburg GER"]
[Date "2021.08.05"]
[Round "2"]
[White "Börner, Eric"]
[Black "Mende, Alexander"]
[Result "0-1"]
[Termination "normal"]
[Board "8.4"]
[WhiteElo "1005"]
[BlackElo "866"]
[WhiteClock "00:17:45"]
[BlackClock "01:24:37"]
[WhiteTeam "SV Hellas Nauen e.V."]
[BlackTeam "Tischtennisclub Grün-Weiß Fritzdorf 1958 e. V."]
[PlyCount "66"]
[WhiteFideId "34608362"]
[BlackFideId "34608265"]
[EventCountry "GER"]
[EventRounds "7"]
[EventType "team-swiss"]
[EventDate "2021.08.04"]

1. e4 {[%clk 01:30:54]} e5 {[%clk 01:30:36]} 2. Nf3 {[%clk 01:31:06]} Nc6
{[%clk 01:30:53]} 3. Bc4 {[%clk 01:31:22]} h6 {[%clk 01:31:11]} 4. Nc3 {[%clk
01:30:56]} {[%emt 00:01:25]} Bc5 {[%clk 01:31:25]} 5. d3 {[%clk 01:31:07]} Nf6
{[%clk 01:31:39]} 6. Be3 {[%clk 01:31:18]} {[%emt 00:11:23]} Bb6 {[%clk
01:31:56]} 7. O-O {[%clk 01:31:24]} d6 {[%clk 01:32:20]} 8. Re1 {[%clk
01:31:22]} Be6 {[%clk 01:32:28]} 9. Bb3 {[%clk 01:31:26]} O-O {[%clk 01:32:36]}
10. Nd5 {[%clk 01:24:13]} Bxd5 {[%clk 01:31:03]} {[%emt 00:04:10]} 11. exd5
{[%clk 01:22:41]} Ne7 {[%clk 01:30:27]} 12. Qd2 {[%clk 01:13:24]} {[%emt
00:09:52]} Nexd5 {[%clk 01:30:31]} {[%emt 00:00:24]} 13. Bxd5 {[%clk 01:13:40]}
{[%emt 00:06:40]} Nxd5 {[%clk 01:30:46]} 14. Bxh6 {[%clk 01:07:57]} gxh6 {[%clk
01:29:10]} {[%emt 00:10:21]} 15. Qxh6 {[%clk 01:07:36]} Qf6 {[%clk 01:29:15]}
16. Qh5 {[%clk 01:04:53]} Nf4 {[%clk 01:29:06]} 17. Qg4+ {[%clk 01:02:22]} Qg6
{[%clk 01:28:52]} {[%emt 00:00:51]} 18. Ng5 {[%clk 01:01:27]} {[%emt 00:01:10]}
f6 {[%clk 01:28:57]} {[%emt 00:00:36]} 19. g3 {[%clk 01:00:42]} {[%emt
00:01:19]} Qxg5 {[%clk 01:29:00]} {[%emt 00:00:12]} 20. Qxg5+ {[%clk 01:00:59]}
{[%emt 00:17:42]} fxg5 {[%clk 01:29:19]} 21. gxf4 {[%clk 01:01:22]} Rxf4 {[%clk
01:29:37]} 22. Re2 {[%clk 00:56:20]} Raf8 {[%clk 01:29:42]} 23. Rf1 {[%clk
00:53:52]} Rg4+ {[%clk 01:29:44]} 24. Kh1 {[%clk 00:53:35]} Kh7 {[%clk
01:29:08]} 25. h3 {[%clk 00:49:15]} Rgf4 {[%clk 01:29:02]} 26. Kg2 {[%clk
00:48:54]} {[%emt 00:05:02]} Kh6 {[%clk 01:29:03]} 27. f3 {[%clk 00:47:46]} Kh5
{[%clk 01:28:43]} 28. Kg3 {[%clk 00:45:40]} {[%emt 00:20:03]} Rd4 {[%clk
01:25:59]} 29. Rg2 {[%clk 00:36:28]} Rff4 {[%clk 01:25:47]} 30. Re2 {[%clk
00:28:13]} {[%emt 00:13:28]} c5 {[%clk 01:24:44]} 31. Re3 {[%clk 00:23:30]} c4
{[%clk 01:24:59]} 32. c3 {[%clk 00:22:13]} Rxd3 {[%clk 01:24:25]} 33. Re4
{[%clk 00:17:45]} {[%emt 00:05:37]} Rxe4 {[%clk 01:24:37]} 0-1

[Event "DVM U12 2020"]
[Site "Magdeburg GER"]
[Date "2021.08.05"]
[Round "2"]
[White "Dubinker, Philipp"]
[Black "Detjen, Mattes"]
[Result "1-0"]
[Termination "normal"]
[Board "9.1"]
[WhiteElo "1382"]
[BlackElo "1162"]
[WhiteClock "01:16:27"]
[BlackClock "01:03:27"]
[WhiteTeam "SK Marburg 1931/72"]
[BlackTeam "SV Werder Bremen"]
[PlyCount "41"]
[WhiteFideId "34608320"]
[BlackFideId "16235690"]
[EventCountry "GER"]
[EventRounds "7"]
[EventType "team-swiss"]
[EventDate "2021.08.04"]

1. e4 {[%clk 01:30:57]} e5 {[%clk 01:30:29]} 2. Nf3 {[%clk 01:31:18]} Nc6
{[%clk 01:30:30]} 3. Bc4 {[%clk 01:31:39]} {[%emt 00:00:05]} Nf6 {[%clk
01:29:57]} {[%emt 00:00:30]} 4. d4 {[%clk 01:30:24]} {[%emt 00:01:48]} exd4
{[%clk 01:30:04]} {[%emt 00:00:18]} 5. e5 {[%clk 01:30:43]} {[%emt 00:00:32]}
Qe7 {[%clk 01:27:53]} {[%emt 00:03:27]} 6. O-O {[%clk 01:29:40]} {[%emt
00:00:42]} Ng8 {[%clk 01:25:38]} {[%emt 00:02:28]} 7. Bf4 {[%clk 01:26:54]}
{[%emt 00:03:09]} Qd8 {[%clk 01:23:14]} {[%emt 00:03:05]} 8. Nxd4 {[%clk
01:26:37]} {[%emt 00:05:50]} d6 {[%clk 01:18:34]} 9. e6 {[%clk 01:24:32]}
{[%emt 00:05:07]} fxe6 {[%clk 01:17:33]} 10. Nxe6 {[%clk 01:24:15]} Bxe6 {[%clk
01:17:52]} 11. Bxe6 {[%clk 01:24:37]} {[%emt 00:00:26]} Nf6 {[%clk 01:17:58]}
{[%emt 00:00:04]} 12. Re1 {[%clk 01:23:57]} {[%emt 00:01:09]} Be7 {[%clk
01:17:52]} {[%emt 00:02:38]} 13. Nc3 {[%clk 01:22:53]} h6 {[%clk 01:11:23]}
{[%emt 00:06:55]} 14. Qd3 {[%clk 01:22:13]} {[%emt 00:00:44]} Kf8 {[%clk
01:06:37]} {[%emt 00:05:25]} 15. Nb5 {[%clk 01:21:25]} {[%emt 00:01:09]} Ne5
{[%clk 01:05:44]} {[%emt 00:01:34]} 16. Bxe5 {[%clk 01:19:38]} {[%emt
00:02:06]} dxe5 {[%clk 01:05:57]} {[%emt 00:02:22]} 17. Qxd8+ {[%clk 01:17:37]}
{[%emt 00:00:28]} Rxd8 {[%clk 01:06:20]} {[%emt 00:00:22]} 18. Nxc7 {[%clk
01:16:45]} {[%emt 00:01:10]} a6 {[%clk 01:05:41]} {[%emt 00:01:16]} 19. Rad1
{[%emt 00:02:53]} Rxd1 {[%clk 01:04:03]} {[%emt 00:00:38]} 20. Rxd1 {[%clk
01:16:23]} Bc5 {[%clk 01:03:27]} {[%emt 00:00:56]} 21. Rd8+ {[%clk 01:16:27]}
{[%emt 00:00:31]} 1-0